01050cam a22002891 45000010008000000030009000080050017000170080041000340100017000750150014000920350018001060400040001240420012001640500023001760820018001991000027002172450101002442600066003453000033004114900033004445040030004775050104005076500027006116510030006386510030006686510062006986601583BDDh-ASL20231015030007.0740118s1966 enkb b 000 0 eng  a 66073855  aB66-13299 a(OCoLC)779060 aDLCcNBuUdOCoLCdUkdDLCdBDDh-ASL apremarc00aDS450.C5bL32 1966 a327.5405bLAM1 aLamb, Alastair,d1930-14aThe McMahon line, Volume-2ba study in the relations between India, China and Tibet, 1904-1914 / aLondon:bRoutledge & K. Paul;aToronto:bToronto U.P.,c1966. av-2, 656, xx bmaps.c23 cm.0 aStudies in political history aBibliography: p. 645-656.0 av. 1. Morley, Minto and noninterference in Tibet. v. 2. Hardinge, McMahon and the Simla Conference. 0aInternatioal Relation  0aChinaxBoundarieszIndia. 0aIndiaxBoundarieszChina. 0aTibet Autonomous Region (China)xPolitics and government.